000 00244nam a2200097Ia 4500
001 717059
005 20250826162956.0
008 250824s9999 xx 000 0 und d
245 0 _aYARINKİ TÜRKİYE
_cNURETTİN TOPÇU
260 _bDERGAH YAYINLARI
999 _c717059
_d717059